00407 2200157 4500001002100000008004100021035002000062245004100082100001600123260003200139300002200171020002200193084001400215082000800229990001200237INLIS000000000002763 IND  a0010-0925000110 aNak, Maafkan Ayah BundacAster Putih aAster Putih aJakartabRumah Oranyec2014 a216c(13 x 19 cm) a978-602-1588-20-8 a813 AST n a813 a0754985